| 000 | 01524nam a2200337 a 4500 | ||
|---|---|---|---|
| 001 | ebr10055580 | ||
| 003 | CaPaEBR | ||
| 006 | m u | ||
| 007 | cr cn||||||||| | ||
| 008 | 900809s1992 dcua sb 000 0 eng | ||
| 010 | _z 90062815 | ||
| 020 | _z0309043379 | ||
| 040 |
_aCaPaEBR _cCaPaEBR |
||
| 035 | _a(OCoLC)44958486 | ||
| 050 | 1 | 4 |
_aTA418.9.C6 _bN34 1992eb |
| 082 | 0 | 4 |
_a620.1/18 _220 |
| 110 | 2 |
_aNational Research Council (U.S.). _bCommittee on High-Performance Synthetic Fibers for Composites. |
|
| 245 | 1 | 0 |
_aHigh-performance synthetic fibers for composites _h[electronic resource] : _breport of the Committee on High-Performance Synthetic Fibers for Composites / _cNational Materials Advisory Board, Commission on Engineering and Technical Systems, National Research Council. |
| 260 |
_aWashington, D.C. : _bNational Academy Press, _c1992. |
||
| 300 |
_axv, 129 p. : _bill. |
||
| 490 | 1 |
_aPublication NMAB ; _v458 |
|
| 504 | _aIncludes bibliographical references. | ||
| 533 |
_aElectronic reproduction. _bPalo Alto, Calif. : _cebrary, _d2013. _nAvailable via World Wide Web. _nAccess may be limited to ebrary affiliated libraries. |
||
| 650 | 0 |
_aFibrous composites _xMaterials. |
|
| 650 | 0 |
_aFibers _xMaterials. |
|
| 650 | 0 | _aRefractory materials. | |
| 655 | 7 |
_aElectronic books. _2local |
|
| 710 | 2 | _aebrary, Inc. | |
| 830 | 0 |
_aPublication NMAB ; _v458. |
|
| 856 | 4 | 0 |
_uhttp://site.ebrary.com/lib/rucke/Doc?id=10055580 _zAn electronic book accessible through the World Wide Web; click to view |
| 999 |
_c178053 _d178053 |
||